Japońskie marki samochodów! - Statystyki

Ogólne statystyki
  • Ten quiz został rozwiązany 1 002 razy
  • Średni wynik to 6 z 16
Statystyki odpowiedzi
Marka % Poprawnych
Toyota
87%
Honda
76%
Nissan
71%
Mazda
62%
Mitsubishi
60%
Suzuki
58%
Subaru
55%
Lexus
42%
Acura
31%
Infiniti
25%
Daihatsu
22%
Isuzu
18%
Yamaha
15%
Datsun
13%
Scion
7%
Hino
2%
Nie znaleziono quizów pasujących do podanych kryteriów
Rozkład punktacji
Procent ludzi z każdym wynikiem
Percentyl według liczby udzielonych odpowiedzi
Twoja historia wyników
Nie rozwiązałeś tego quizu